000 00305nam a2200085Ia 4500
245 0 _aWho killed Hammarskjöld? : the UN, the Cold War and white supremacy in Africa
100 _a WILLIAMS, A Susan Auckland Park, South Africa, 2012
_977469
942 _cBK
008 210817s9999 xx 000 0 und d
999 _c264721
_d264720